| 000 | 00332nam a2200109Ia 4500 | ||
|---|---|---|---|
| 008 | 230907s9999||||xx |||||||||||||| ||und|| | ||
| 082 | _a363.7387409,GLO | ||
| 245 | 0 | _aGlobal environmental change challenges to science and society in southeastern europe/ | |
| 260 |
_aspringer _bNew York _c2010 |
||
| 300 | _axxv, 278p.: | ||
| 942 | _cBK | ||
| 999 |
_c597946 _d597946 |
||